| 000 | 00364nam a2200145Ia 4500 | ||
|---|---|---|---|
| 008 | 230917s9999||||xx |||||||||||||| ||und|| | ||
| 040 |
_e124804 _aMAIN |
||
| 041 | _aEnglish | ||
| 082 | _a361.32 H867B | ||
| 100 | _aHudson, Barbara L | ||
| 245 | 0 | _aBehavioural social work an introducation | |
| 260 |
_aLondon _bMacmillan _c1986 |
||
| 300 | _a289p p. | ||
| 942 | _cBK | ||
| 999 |
_c54131 _d54131 |
||